000 00620nam a2200193Ia 4500
003 GCL
008 140319s9999 xx 000 0 ara d
040 _aGCL /
_cGCL
082 0 4 _a304.6 ع ف
100 1 _aعبدالفتاح محمد وهيبة
245 1 0 _aفى جغرافية السكان /
_cعبدالفتاح محمد وهيبة
260 _aبيروت :
_bدار النهضة العربية للطباعة والنشر ،
_c1979
300 _a327
490 _a
650 0 4 _aالسكان - علم
650 0 4 _aالبيئة والانسان
650 0 4 _aجغرافية السكان
942 _2ddc
_cBK
999 _c37290
_d37290